Διδάσκοντας εξ αποστάσεως στον καιρό της πανδημίας Covid-19 : εμπειρίες εκπαιδευτικών
Αποθηκεύτηκε σε:
| Άλλοι συγγραφείς: | , , , |
|---|---|
| Μορφή: | Βιβλίο |
| Γλώσσα: | Greek |
| Δημοσίευση: |
Αθήνα :
Παπαζήσης,
2022.
|
| Θέματα: | |
| Ετικέτες: |
Προσθήκη ετικέτας
Δεν υπάρχουν, Καταχωρήστε ετικέτα πρώτοι!
|
MARC
| LEADER | 00000nam a2200000 a 4500 | ||
|---|---|---|---|
| 001 | 1/126189 | ||
| 008 | 230223s2022####gr | ||| |||| ||gre|| | ||
| 020 | |a 9789600239928 | ||
| 040 | |a GR-MyUa |b gre |c GR-MyUa |e AACR2 | ||
| 041 | 0 | |a gre | |
| 082 | 7 | |a 371.35 |2 (23) | |
| 245 | 0 | 0 | |a Διδάσκοντας εξ αποστάσεως στον καιρό της πανδημίας Covid-19 : |b εμπειρίες εκπαιδευτικών / |c Τζέλα Βαρνάβα-Σκούρα, Βασίλης Γιαλαμάς, Μαρία Ραγκούση, Μαρία Σφυρόερα. |
| 260 | |a Αθήνα : |b Παπαζήσης, |c 2022. | ||
| 300 | |a 206 σ. : |b πίν. ; |c 24 εκ. | ||
| 504 | |a Βιβλιογραφία : σ. 203-206. | ||
| 504 | |a Περιλαμβάνει βιβλιογραφικές παραπομπές. | ||
| 650 | 0 | |a Distance education |z Greece. | |
| 650 | 0 | |a Teachers |z Greece |x Attitudes. | |
| 650 | 0 | |a COVID-19 (Disease) | |
| 700 | 1 | |a Βαρνάβα-Σκούρα, Τζέλα. | |
| 700 | 1 | |a Σφυρόερα, Μαρία. | |
| 700 | 1 | |a Ραγκούση, Μαρία Ν. | |
| 700 | 1 | |a Γιαλαμάς, Βασίλης. | |
| 852 | |a INST |b RHODES |e 20230223 |h 371.35 ΔΙΔ |p 005400043428 |q 005400043428 |t BK |y 0 | ||
| 970 | |z 23-02-2023 | ||